<?xml version="1.0" encoding="UTF-8"?><?xml-stylesheet type="text/xsl" href="static/style.xsl"?><OAI-PMH xmlns="http://www.openarchives.org/OAI/2.0/" xmlns:xsi="http://www.w3.org/2001/XMLSchema-instance" xsi:schemaLocation="http://www.openarchives.org/OAI/2.0/ http://www.openarchives.org/OAI/2.0/OAI-PMH.xsd"><responseDate>2026-04-30T00:42:23Z</responseDate><request verb="GetRecord" identifier="oai:uvadoc.uva.es:10324/3282" metadataPrefix="marc">https://uvadoc.uva.es/oai/request</request><GetRecord><record><header><identifier>oai:uvadoc.uva.es:10324/3282</identifier><datestamp>2021-06-23T11:46:53Z</datestamp><setSpec>com_10324_1182</setSpec><setSpec>com_10324_931</setSpec><setSpec>com_10324_894</setSpec><setSpec>col_10324_1394</setSpec></header><metadata><record xmlns="http://www.loc.gov/MARC21/slim" xmlns:doc="http://www.lyncode.com/xoai" xmlns:xsi="http://www.w3.org/2001/XMLSchema-instance" xmlns:dcterms="http://purl.org/dc/terms/" xsi:schemaLocation="http://www.loc.gov/MARC21/slim http://www.loc.gov/standards/marcxml/schema/MARC21slim.xsd">
<leader>00925njm 22002777a 4500</leader>
<datafield tag="042" ind1=" " ind2=" ">
<subfield code="a">dc</subfield>
</datafield>
<datafield tag="720" ind1=" " ind2=" ">
<subfield code="a">Sanz Mínguez, Carlos</subfield>
<subfield code="e">author</subfield>
</datafield>
<datafield tag="720" ind1=" " ind2=" ">
<subfield code="a">Romero Carnicero, Fernando</subfield>
<subfield code="e">author</subfield>
</datafield>
<datafield tag="720" ind1=" " ind2=" ">
<subfield code="a">Górriz Gañán, Cristina</subfield>
<subfield code="e">author</subfield>
</datafield>
<datafield tag="260" ind1=" " ind2=" ">
<subfield code="c">2009</subfield>
</datafield>
<datafield tag="520" ind1=" " ind2=" ">
<subfield code="a">Se analiza en este estudio los hallazgos domésticos más relevantes producidos en la zanja de excavación de Las Quintanas de Pintia, en sus niveles sertorianos del primer cuarto del siglo I a.C.</subfield>
</datafield>
<datafield tag="024" ind2=" " ind1="8">
<subfield code="a">Belarte Franco, Maria Carme (ed.). Actes de la IV Reunió Inernacional d´Arqueologia de Calafell. L`espai domèstic i l´organització de la societat a la protohistoria de la Mediterrània occidental (1er millenni a.C.). Barcelona : Universitat de Barcelona, Institut Català d'Arqueologia Clàssica, 2009, pp. 253-270.</subfield>
</datafield>
<datafield tag="024" ind2=" " ind1="8">
<subfield code="a">978-84-936769-1-9</subfield>
</datafield>
<datafield tag="024" ind2=" " ind1="8">
<subfield code="a">http://uvadoc.uva.es/handle/10324/3282</subfield>
</datafield>
<datafield ind1=" " ind2=" " tag="653">
<subfield code="a">Vacceos</subfield>
</datafield>
<datafield ind1=" " ind2=" " tag="653">
<subfield code="a">Yacimientos arqueológicos - Padilla de Duero (Valladolid)</subfield>
</datafield>
<datafield ind1=" " ind2=" " tag="653">
<subfield code="a">Arquitectura doméstica - Mediterráneo, Región del - Historia</subfield>
</datafield>
<datafield tag="245" ind1="0" ind2="0">
<subfield code="a">Espacios domésticos y áreas funcionales en los niveles sertorianos de la ciudad vacceo-romana de Pintia (Padilla de Duero/Peñafiel, Valladolid)</subfield>
</datafield>
</record></metadata></record></GetRecord></OAI-PMH>